Music Quiz

Random Music or Artist Quiz

Top 50 Songs of 2015 Quiz Stats

 Plays Quiz not verified by Sporcle

Challenge
Share
Tweet
Embed
Score 0/50 Timer 10:00
0 Plays Today
Artist Song % Correct
Mark Ronson ft. Bruno MarsUptown Funk
82.6%
Justin BieberSorry
78.3%
Olly Murs ft. Demi LovartoUp
78.3%
Wiz Kalifa ft. Charlie PuthSee You Again
76.1%
AdeleHello
76.1%
HozierTake Me To Church
73.9%
OMICheerleader
67.4%
Ellie GouldingLove Me Like You Do
65.2%
Justin BieberWhat Do You Mean
63%
Maroon 5Sugar
63%
Walk the MoonShut Up & Dance
63%
Justin BieberLove Yourself
63%
Rihanna/Kanye West/McCartneyFourfive Seconds
60.9%
The WeekndCan't Feel My Face
58.7%
Major Lazer ft. MØ & DJ SnakeLean On
56.5%
Ed SheeranThinking Out Loud
54.3%
The WeekndThe Hills
54.3%
SiaChandelier
54.3%
Little MixBlack Magic
52.2%
Nick JonasJealous
50%
Fetty WapTrap Queen
47.8%
Ed SheeranPhotograph
47.8%
Jason DeruloWant to Want Me
45.7%
Charlie Puth ft. Megan TrainorMarvin Gaye
45.7%
DrakeHotline Bling
45.7%
Artist Song % Correct
James BayHold Back The River
43.5%
Skrillex & Diplo/Justin BieberWhere Are You Now
39.1%
The WeekndEarned It
37%
Carly Rae JepsenI Really Like You
34.8%
SiaElastic Heart
32.6%
One DirectionDrag Me Down
32.6%
Jess GlynneHold My Hand
30.4%
James BayLet It Go
30.4%
Lunchmoney LewisBills
30.4%
Calvin Harris & DisciplesHow Deep is Your Love
26.1%
Years & YearsKing
23.9%
Flo Rida ft. Sage the GeminiGDFR
23.9%
MNEK & Zara LarssonNever Forget You
17.4%
Kygo ft. Conrad SewellFirestone
15.2%
Lost FrequentciesAre You With Me
13%
GalantisRunaway(U&I)
13%
Tinie Tempah ft. Jess GlynneNot Letting Go
10.9%
Alesso ft. Tove LoHeroes (We Could Be)
10.9%
AviciiThe Nights
6.5%
Years & YearsShine
6.5%
Chris Brown & TygaAyo
6.5%
Philip GeorgeWish You Were Mine
4.3%
Ed SheeranBloodsteam
4.3%
Jess GlynneDon't Be So Hard On Yourself
4.3%
David ZowieHouse Every Weekend
4.3%

You're not logged in!

Compare scores with friends on all Sporcle quizzes.
Join for Free
OR
Log In

You Might Also Like...

Show Comments

Extras

Top Quizzes Today


Score Distribution

Your Account Isn't Verified!

In order to create a playlist on Sporcle, you need to verify the email address you used during registration. Go to your Sporcle Settings to finish the process.

Report this User

Report this user for behavior that violates our Community Guidelines.

Details: